<?xml version="1.0" encoding="UTF-8"?>
<record
    xmlns:xsi="http://www.w3.org/2001/XMLSchema-instance"
    xsi:schemaLocation="http://www.loc.gov/MARC21/slim http://www.loc.gov/standards/marcxml/schema/MARC21slim.xsd"
    xmlns="http://www.loc.gov/MARC21/slim">

  <leader>01066njm a22002657a 4500</leader>
  <controlfield tag="005">20100904145440.0</controlfield>
  <controlfield tag="007">sd ammalaaahaa</controlfield>
  <controlfield tag="008">100901t        xxu||||| |||| 00| 0 hin d</controlfield>
  <datafield tag="028" ind1=" " ind2=" ">
    <subfield code="a">N.88268</subfield>
    <subfield code="b">His Master's Voice</subfield>
  </datafield>
  <datafield tag="028" ind1=" " ind2=" ">
    <subfield code="a">OJW.4393</subfield>
    <subfield code="b">His Master's Voice</subfield>
  </datafield>
  <datafield tag="035" ind1=" " ind2=" ">
    <subfield code="a">GR-601</subfield>
  </datafield>
  <datafield tag="040" ind1=" " ind2=" ">
    <subfield code="a">SED/VEN</subfield>
  </datafield>
  <datafield tag="100" ind1=" " ind2=" ">
    <subfield code="9">17815</subfield>
    <subfield code="a">Begam Akhtar</subfield>
  </datafield>
  <datafield tag="245" ind1=" " ind2=" ">
    <subfield code="a">Shehnai garaz thi shola fizan /</subfield>
    <subfield code="c">by Begam Akhtar</subfield>
    <subfield code="h">[sound recording] :</subfield>
    <subfield code="b">Urdu</subfield>
  </datafield>
  <datafield tag="246" ind1=" " ind2=" ">
    <subfield code="a">&#x936;&#x947;&#x939;&#x928;&#x93E;&#x908; &#x917;&#x930;&#x91C; &#x925;&#x940; &#x936;&#x94B;&#x932;&#x93E; &#x92B;&#x93F;&#x91C;&#x93E;&#x902; part &#x967; (&#x92C;&#x947;&#x917;&#x92E; &#x905;&#x916;&#x94D;&#x924;&#x930; )</subfield>
  </datafield>
  <datafield tag="260" ind1=" " ind2=" ">
    <subfield code="a">Dum Dum, India</subfield>
    <subfield code="b">His Master's Voice</subfield>
  </datafield>
  <datafield tag="300" ind1=" " ind2=" ">
    <subfield code="a">1 sound disc :</subfield>
    <subfield code="b">analog, 33 1/3 rpm </subfield>
    <subfield code="c">10 in.</subfield>
  </datafield>
  <datafield tag="500" ind1="G" ind2=" ">
    <subfield code="a">Brief record</subfield>
  </datafield>
  <datafield tag="505" ind1=" " ind2=" ">
    <subfield code="a">Ae mohabbat tere anzaam pe rona ayaa part 2 ( &#x910; &#x92E;&#x94B;&#x939;&#x92C;&#x94D;&#x92C;&#x924; &#x924;&#x947;&#x930;&#x947; &#x905;&#x902;&#x91C;&#x93E;&#x92E; &#x92A;&#x947; &#x930;&#x94B;&#x928;&#x93E; &#x906;&#x92F;&#x93E; ) &#x92A;&#x93E;&#x930;&#x94D;&#x91F; &#x968; </subfield>
  </datafield>
  <datafield tag="650" ind1=" " ind2=" ">
    <subfield code="a">Classical music</subfield>
    <subfield code="x">Excerpts</subfield>
    <subfield code="z">India</subfield>
    <subfield code="9">17813</subfield>
  </datafield>
  <datafield tag="700" ind1=" " ind2=" ">
    <subfield code="9">18219</subfield>
  </datafield>
  <datafield tag="700" ind1=" " ind2=" ">
    <subfield code="9">18220</subfield>
  </datafield>
  <datafield tag="942" ind1=" " ind2=" ">
    <subfield code="2">ddc</subfield>
    <subfield code="c">GR</subfield>
  </datafield>
  <datafield tag="999" ind1=" " ind2=" ">
    <subfield code="c">43798</subfield>
    <subfield code="d">43798</subfield>
  </datafield>
  <datafield tag="952" ind1=" " ind2=" ">
    <subfield code="0">0</subfield>
    <subfield code="1">0</subfield>
    <subfield code="2">ddc</subfield>
    <subfield code="4">0</subfield>
    <subfield code="7">1</subfield>
    <subfield code="a">L</subfield>
    <subfield code="b">L</subfield>
    <subfield code="d">2010-09-04</subfield>
    <subfield code="e">SED/VEN</subfield>
    <subfield code="l">0</subfield>
    <subfield code="p">GR-601</subfield>
    <subfield code="r">2010-09-04 00:00:00</subfield>
    <subfield code="t">1</subfield>
    <subfield code="w">2010-09-04</subfield>
    <subfield code="y">GR</subfield>
  </datafield>
</record>
